01652cam a2200193 a 4500999001500000020002700015020001800042050001600060100002700076245009000103260006400193300003600257500002100293505098200314650001901296700002301315942000701338952011301345 c1635d1635 a0521848059 (hardcover) a978052184805300aHB172b.C141 aCameron, Adrian Colin.10aMicroeconometrics :bmethods and applications /cA. Colin Cameron, Pravin K. Trivedi. aCambridge ;aNew York :bCambridge University Press,c2005. axxii, 1034 p. :bill. ;c27 cm. aIncludes tables.0 a1. Overview -- 2. Causal and noncasual models -- 3. Microeconomic data structures -- 4. Linear models -- 5. Maximum likelihood and nonlinear least-squares estimation -- 6. Generalized method of moments and systems estimation -- 7. Hypothesis tests -- 8. Specification tests and model selection -- 9. Semiparametric methods -- 10. Numerical optimization -- 11. Bootstrap methods -- 12. Simulation-based methods -- 13. Bayesian methods -- 14. Binary outcome models -- 15. Multinomial models -- 16. Tobit and selection models -- 17. Transition data : survival analysis -- 18. Mixture models and unobserved heterogeneity -- 19. Models of multiple hazards -- 20. Models of count data -- 21. Linear panel models : basics -- 22. Linear panel models : extensions -- 23. Nonlinear panel models -- 24. Stratified and clustered samples -- 25. Treatment evaluation -- 26. Measurement error models -- 27. Missing data and imputation -- A. Asymptotic theory -- B. Making pseudo-random draws. 0aMicroeconomics1 aTrivedi, Pravin K. cBK 001040708REFaMUCGMbMUCGMcGENd0000-00-00l0oHB172 .C14p37908r2018-01-11 00:00:00t1w2018-01-11yBK